50 Najpopularniejszych imion w USA - Statystyki

Ogólne statystyki
  • Ten quiz został rozwiązany 633 razy
  • Średni wynik to 7 z 50
Statystyki odpowiedzi
Name % Poprawnych
J John
70%
T Thomas
50%
J James
43%
M Michael
43%
W William
38%
J Jack
36%
L Leo
34%
J Jacob
28%
D David
26%
H Henry
26%
J Joseph
26%
D Daniel
24%
C Luca
23%
M Matthew
21%
A Alexander
19%
B Benjamin
18%
C Charles
18%
L Liam
18%
E Elias
17%
E Elijah
17%
S Samuel
17%
L Lucas
15%
N Noah
15%
A Anthony
13%
O Oliver
11%
L Luke
9%
E Ethan
6%
O Owen
6%
G Gabriel
4%
L Logan
4%
T Theodore
4%
A Aiden
3%
D Dylan
3%
J Jackson
3%
J Jayden
3%
J Julian
3%
S Sebastian
3%
L Levi
2%
M Mason
2%
M Mateo
2%
C Carter
1%
G Grayson
1%
I Isaac
1%
L Lincoln
1%
W Wyatt
1%
A Asher
0%
E Ezra
0%
H Hudson
0%
J Josiah
0%
M Maverick
0%
Nie znaleziono quizów pasujących do podanych kryteriów
Rozkład punktacji
Procent ludzi z każdym wynikiem
Percentyl według liczby udzielonych odpowiedzi
Twoja historia wyników
Nie rozwiązałeś tego quizu